El evangelio según Lucas

Sábháilte in:
Sonraí bibleagrafaíochta
Príomhchruthaitheoir: Fitzmyer, Joseph A (Údar)
Formáid: LEABHAR
Teanga:Spáinnis
Foilsithe / Cruthaithe: Madrid Ediciones Cristiandad 2006
Eagrán:2a. ed
Ábhair:
Clibeanna: Cuir clib leis
Níl clibeanna ann, Bí ar an gcéad duine le clib a chur leis an taifead seo!

MARC

LEADER 00000cam a2200000 a 4500
001 UCF8405
003 CL-VaPUC
008 130829e20060000sp |||||||||||||||||spa|d
020 |a 8470573950o.c 
020 |a 8470574779t.4 
082 0 4 |a 226.4  |b FIT  |2 21 
100 0 |a Fitzmyer, Joseph A  |e author  |9 570470 
245 1 3 |a El evangelio según Lucas 
250 |a 2a. ed 
300 |a t 
942 |c BK 
945 |d 20130829 16:45:00  |a dcastane 
260 |a Madrid  |b Ediciones Cristiandad  |c 2006 
500 |a t.4: traducción y comentario capítulos 18, 15-24, 53 
600 0 7 |a SAN LUCAS  |2 CL-VaPUC  |9 368585 
650 0 |a Evangelios  |9 314864 
650 0 |a Nuevo testamento  |9 257604 
583 |a last modification  |c 20130829 16:45:00  |k Rodrigo Vera 
999 |c 352977  |d 352975 
952 |0 0  |1 0  |3 erb  |4 0  |6 226_400000000000000_FIT_2006  |7 0  |8 A  |9 457779  |a BIBTEO  |b BIBTEO  |d 2019-11-23  |h t.4  |i 5000890  |l 1  |o 226.4 FIT 2006  |p 5000890  |r 2025-01-17  |s 2023-09-04  |w 2019-11-23  |y BK  |z Catalogado en:20130829  |k ICR